Unscramble the Human Body Words - Statistics

General Stats
  • This quiz has been taken 83 times
  • The average score is 11 of 15
Answer Stats
Hint Answer % Correct
Ullsk Skull
96%
Rianb Brain
95%
Kndeyis Kidneys
95%
Sicepb Biceps
93%
Piens Spine
88%
Rteah Heart
86%
Vreli Liver
81%
Lepens Spleen
72%
Dnetons Tendons
59%
Gutone Tongue
59%
Mixumas Utlegus Gluteus Maximus
58%
Llbadrelagd Gallbladder
53%
Aldredb Bladder
46%
Rytaer Artery
41%
Tinare Retina
38%
No matching quizzes found
Score Distribution
Percent of People with Each Score
Percentile by Number Answered
Your Score History
You have not taken this quiz